| 000 | 00481cam a2200169ua 4500 | ||
|---|---|---|---|
| 020 | _a0 582 647118 | ||
| 041 |
_aeng _h |
||
| 082 |
_a630.209 _bBEN/IN |
||
| 100 | _aBBenjamin, Mcdonald P . | ||
| 245 |
_aInvestment projects in agriculture: principles and case studies / _cMcdonald P Benjamin. _hTextual Documents |
||
| 250 |
_a1 / _b. |
||
| 260 |
_aLondon : _bEnglish Language Book Society , _c1981. |
||
| 300 | _a297 ; . | ||
| 504 | _a | ||
| 942 | _cBK | ||
| 999 |
_c9453 _d9453 |
||